000 00997nam a22002177a 4500
003 OSt
005 20160620110324.0
008 140214b2007 els spa
040 _cBMC
082 _a613.2
100 1 _935921
_aMartínez Alarcón, Oscar Ernesto
245 1 0 _aPasantía de asistente administrativo del director general de Nutrición Extrema S.A. de C.V.
_b: Informe final
_cOscar Ernesto Martínez Alarcón
260 _aSanta Ana (El Salvador)
_bUniversidad Católica de Occidente
_c2007
300 _a1 v. (pág. var.)
_c27 cm
_e+ 1 disco compacto
500 _aPrecede al tít.: Universidad Católica de Occidente, Facultad de Ciencias Económicas
502 _aTrabajo de graduación para optar al grado académico de Licenciatura en Administración de Empresas
650 2 4 _923876
_aNutrición
_xEvaluación
700 _935929
_aVelasco Carpio, José Domingo
710 2 _91067
_aUniversidad Católica de El Salvador
_bFacultad de Ciencias Empresariales
942 _2ddc
_cTG
999 _c22206
_d22206